000 00585 a2200181 4500
999 _c183405
_d183405
005 20211224115315.0
010 _aENG-130595
020 _a978-93-89691-38-2
_c725.00
035 _aEN-114127
037 _bDBAD/PUB
082 _a510
100 _aBaumslag, Benjamin
245 _aGroup Theory:
_cBenjamin Baumslag, Bruce Chandler
260 _aChennai
_bMcGraw Hill Education(india) Private Limited
_c2022
270 _aAnjana Complex No.5 /90 A, Butt Road, St. Thomas Mount
_bChennai
_e600016
300 _a279p.
_c28cm (pbk)
942 _adpl
_cEN
_2ddc
_h510
_mBAU